[Event "2017"]
[Site "Bastia"]
[Date "2017.10.21"]
[Round "6.6"]
[White "Antipov, Mikhail Al."]
[Black "Xu, Yi"]
[Result "1/2-1/2"]
[BlackElo "2439"]
[WhiteElo "2582"]
[LiveChessVersion "1.4.6"]

1. e4 {[%clk 1:30:57]} e5 {[%clk 1:30:57]} 2. Nf3 {[%clk 1:31:15]} Nc6
{[%clk 1:31:23]} 3. Bc4 {[%clk 1:31:37]} Bc5 {[%clk 1:31:47]} 4. O-O
{[%clk 1:32:00]} Nf6 {[%clk 1:32:13]} 5. d3 {[%clk 1:32:23]} d6 {[%clk 1:32:34]}
6. a4 {[%clk 1:32:25]} h6 {[%clk 1:32:01]} 7. c3 {[%clk 1:32:03]} a5
{[%clk 1:32:07]} 8. Nbd2 {[%clk 1:30:25]} O-O {[%clk 1:30:27]} 9. Re1
{[%clk 1:30:38]} Be6 {[%clk 1:24:21]} 10. Bxe6 {[%clk 1:29:24]} fxe6
{[%clk 1:24:44]} 11. Nf1 {[%clk 1:29:24]} Qe8 {[%clk 1:23:47]} 12. Be3
{[%clk 1:21:54]} Bxe3 {[%clk 1:24:04]} 13. Rxe3 {[%clk 1:21:58]} Nh5
{[%clk 1:12:57]} 14. Ng3 {[%clk 1:14:25]} Nf4 {[%clk 1:12:05]} 15. Ne2
{[%clk 1:14:48]} Qg6 {[%clk 1:01:51]} 16. Nxf4 {[%clk 1:15:12]} exf4
{[%clk 1:01:51]} 17. Re1 {[%clk 1:15:35]} Ne5 {[%clk 0:57:57]} 18. d4
{[%clk 1:12:22]} Nxf3+ {[%clk 0:57:43]} 19. Qxf3 {[%clk 1:12:51]} e5
{[%clk 0:50:08]} 20. Rad1 {[%clk 1:06:11]} Rae8 {[%clk 0:50:00]} 21. Kf1
{[%clk 0:54:11]} Qe6 {[%clk 0:47:25]} 22. Qd3 {[%clk 0:53:06]} Kh8
{[%clk 0:42:16]} 23. f3 {[%clk 0:52:39]} b6 {[%clk 0:41:21]} 24. dxe5
{[%clk 0:52:44]} Qxe5 {[%clk 0:41:15]} 25. Qd5 {[%clk 0:53:04]} Re7
{[%clk 0:39:44]} 26. Qxe5 {[%clk 0:49:19]} Rxe5 {[%clk 0:39:59]} 27. Rd5
{[%clk 0:49:35]} Rfe8 {[%clk 0:39:29]} 28. Red1 {[%clk 0:49:49]} Kg8
{[%clk 0:35:00]} 29. R1d4 {[%clk 0:44:33]} R8e6 {[%clk 0:31:44]} 30. Rd1
{[%clk 0:42:09]} Re8 {[%clk 0:31:17]} 31. R1d4 {[%clk 0:42:35]} R8e6
{[%clk 0:31:39]} 32. Rd1 1/2-1/2

[Event "2017"]
[Site "Bastia"]
[Date "2017.10.21"]
[Round "6.7"]
[White "Fier, Alexandr"]
[Black "Kathmale, Sameer"]
[Result "1-0"]
[BlackElo "2255"]
[WhiteElo "2573"]
[LiveChessVersion "1.4.6"]

1. d4 {[%clk 1:30:56]} d5 {[%clk 1:29:36]} 2. c4 {[%clk 1:31:21]} c6
{[%clk 1:30:00]} 3. Nc3 {[%clk 1:31:48]} Nf6 {[%clk 1:30:19]} 4. e3
{[%clk 1:32:14]} a6 {[%clk 1:30:19]} 5. Qc2 {[%clk 1:32:40]} e6 {[%clk 1:30:37]}
6. Nf3 {[%clk 1:32:59]} c5 {[%clk 1:30:59]} 7. cxd5 {[%clk 1:33:24]} exd5
{[%clk 1:30:27]} 8. Be2 {[%clk 1:33:48]} Nc6 {[%clk 1:30:23]} 9. Ne5
{[%clk 1:33:47]} Qc7 {[%clk 1:21:18]} 10. Nxc6 {[%clk 1:34:11]} Qxc6
{[%clk 1:21:40]} 11. O-O {[%clk 1:34:38]} cxd4 {[%clk 1:09:41]} 12. exd4
{[%clk 1:34:48]} Bb4 {[%clk 1:09:58]} 13. Bf4 {[%clk 1:34:47]} O-O
{[%clk 1:09:22]} 14. Rac1 {[%clk 1:35:03]} Bxc3 {[%clk 1:00:31]} 15. Qxc3
{[%clk 1:34:54]} Qxc3 {[%clk 1:00:48]} 16. Rxc3 {[%clk 1:35:20]} Bd7
{[%clk 1:01:06]} 17. Rfc1 {[%clk 1:32:44]} Rfc8 {[%clk 0:58:11]} 18. Be5
{[%clk 1:30:10]} Ne4 {[%clk 0:53:50]} 19. Rc7 {[%clk 1:30:04]} Ng5
{[%clk 0:43:12]} 20. h4 {[%clk 1:28:00]} Ne6 {[%clk 0:41:39]} 21. Rxc8+
{[%clk 1:28:27]} Rxc8 {[%clk 0:42:02]} 22. Rxc8+ {[%clk 1:28:55]} Bxc8
{[%clk 0:42:23]} 23. Bf3 {[%clk 1:29:23]} f6 {[%clk 0:41:53]} 24. Bd6 Nxd4
{[%clk 0:41:37]} 25. Bxd5+ {[%clk 1:30:17]} Ne6 {[%clk 0:39:00]} 26. f4
{[%clk 1:30:45]} g6 {[%clk 0:39:02]} 27. Kf2 {[%clk 1:29:12]} f5 {[%clk 0:34:16]}
28. Ke3 {[%clk 1:29:18]} Kf7 {[%clk 0:34:23]} 29. g3 {[%clk 1:29:31]} h5
{[%clk 0:31:02]} 30. Kd3 {[%clk 1:28:06]} Ke8 {[%clk 0:29:04]} 31. a4
{[%clk 1:25:32]} Kd7 {[%clk 0:27:04]} 32. Bb4 {[%clk 1:25:58]} Kc7
{[%clk 0:25:20]} 33. Kc4 {[%clk 1:24:23]} Bd7 {[%clk 0:24:52]} 34. Bc3
{[%clk 1:24:30]} Bc8 {[%clk 0:20:37]} 35. Be5+ {[%clk 1:23:50]} Kd7
{[%clk 0:20:54]} 36. a5 {[%clk 1:22:56]} Kd8 {[%clk 0:18:44]} 37. Bf3
{[%clk 1:23:16]} Kd7 {[%clk 0:16:40]} 38. Bc3 {[%clk 1:23:41]} Nc7
{[%clk 0:10:03]} 39. Kc5 {[%clk 1:24:03]} Ne6+ {[%clk 0:07:49]} 40. Kb6
{[%clk 1:23:27]} Nd8 {[%clk 0:07:13]} 41. Bf6 {[%clk 1:23:53]} Nc6
{[%clk 0:06:14]} 42. Bd5 {[%clk 1:24:15]} Ke8 {[%clk 0:05:51]} 43. Kc7
{[%clk 1:24:24]} Bd7 {[%clk 0:05:47]} 44. Kxb7 {[%clk 1:24:49]} Nb4
{[%clk 0:05:04]} 45. Bc4 {[%clk 1:24:41]} Bc6+ {[%clk 0:04:56]} 46. Ka7
{[%clk 1:24:39]} Kd7 {[%clk 0:02:08]} 47. Bc3 {[%clk 1:24:53]} Bd5
{[%clk 0:01:32]} 48. Be2 {[%clk 1:24:59]} Nc6+ {[%clk 0:00:55]} 49. Kxa6
{[%clk 1:25:14]} Kc7 {[%clk 0:01:15]} 50. Kb5 {[%clk 1:25:38]} Be4
{[%clk 0:01:31]} 51. Kc5 {[%clk 1:26:02]} Kb7 {[%clk 0:01:43]} 52. b4
{[%clk 1:26:24]} 1-0

[Event "2017"]
[Site "Bastia"]
[Date "2017.10.21"]
[Round "6.8"]
[White "Dimitrov, Radoslav"]
[Black "Puranik, Abhimanyu"]
[Result "1/2-1/2"]
[BlackElo "2509"]
[WhiteElo "2450"]
[LiveChessVersion "1.4.6"]

1. c4 {[%clk 1:25:06]} Nf6 {[%clk 1:30:54]} 2. Nc3 {[%clk 1:25:31]} c5
{[%clk 1:31:14]} 3. g3 {[%clk 1:25:55]} g6 {[%clk 1:31:35]} 4. Bg2
{[%clk 1:26:20]} Bg7 {[%clk 1:32:02]} 5. e3 {[%clk 1:26:05]} Nc6 {[%clk 1:31:55]}
6. Nge2 {[%clk 1:26:29]} h5 {[%clk 1:31:01]} 7. h3 {[%clk 1:26:41]} d6
{[%clk 1:30:03]} 8. d3 {[%clk 1:26:03]} Bd7 {[%clk 1:27:34]} 9. b3
{[%clk 1:25:37]} a6 {[%clk 1:20:06]} 10. Bb2 {[%clk 1:23:23]} O-O
{[%clk 1:19:39]} 11. O-O {[%clk 1:23:40]} Rb8 {[%clk 1:18:34]} 12. Qd2
{[%clk 1:23:52]} b5 {[%clk 1:05:40]} 13. Rad1 {[%clk 1:23:27]} Nb4
{[%clk 1:02:20]} 14. f4 {[%clk 1:21:47]} e5 {[%clk 0:49:49]} 15. a3
{[%clk 0:55:02]} Nc6 {[%clk 0:49:50]} 16. cxb5 {[%clk 0:55:06]} axb5
{[%clk 0:50:05]} 17. Ne4 {[%clk 0:55:21]} Nxe4 {[%clk 0:42:10]} 18. dxe4
{[%clk 0:55:49]} Be6 {[%clk 0:42:28]} 19. Nc1 {[%clk 0:56:09]} exf4
{[%clk 0:29:53]} 20. Bxg7 {[%clk 0:56:17]} Kxg7 {[%clk 0:30:19]} 21. gxf4
{[%clk 0:56:24]} Ne7 {[%clk 0:27:19]} 22. Qxd6 {[%clk 0:33:25]} Qxd6
{[%clk 0:27:36]} 23. Rxd6 {[%clk 0:33:53]} b4 {[%clk 0:18:03]} 24. axb4
{[%clk 0:27:22]} Rxb4 {[%clk 0:13:51]} 25. Nd3 {[%clk 0:27:16]} Rb5
{[%clk 0:11:16]} 26. f5 {[%clk 0:23:38]} gxf5 {[%clk 0:11:40]} 27. Nf4
{[%clk 0:24:03]} Rxb3 {[%clk 0:04:38]} 28. Nxe6+ {[%clk 0:17:38]} fxe6
{[%clk 0:05:03]} 29. Rxe6 {[%clk 0:18:02]} Kf7 {[%clk 0:01:02]} 30. exf5
{[%clk 0:18:25]} Rg8 {[%clk 0:01:26]} 31. Kh1 {[%clk 0:16:20]} Rg3
{[%clk 0:01:34]} 32. Re5 {[%clk 0:04:38]} Rbxe3 {[%clk 0:01:25]} 33. Rxe3
{[%clk 0:05:02]} Rxe3 {[%clk 0:01:41]} 34. f6 {[%clk 0:05:30]} Ng8
{[%clk 0:01:04]} 35. Bd5+ {[%clk 0:05:34]} Kf8 {[%clk 0:01:28]} 36. Kg2
{[%clk 0:05:28]} Rd3 {[%clk 0:01:02]} 37. Rf5 {[%clk 0:05:19]} h4
{[%clk 0:00:39]} 38. Bc4 {[%clk 0:02:30]} Rd4 {[%clk 0:00:43]} 39. Bxg8
{[%clk 0:01:08]} Kxg8 {[%clk 0:01:09]} 40. Rxc5 {[%clk 0:01:30]} Kf7
{[%clk 0:01:36]} 41. Rf5 {[%clk 0:01:46]} Rd3 {[%clk 0:01:59]} 42. Rf4
{[%clk 0:02:05]} Rg3+ {[%clk 0:02:22]} 43. Kh2 {[%clk 0:02:29]} Rg5
{[%clk 0:02:29]} 44. Rxh4 {[%clk 0:02:48]} Kxf6 {[%clk 0:02:56]} 45. Rg4
{[%clk 0:03:02]} Rxg4 {[%clk 0:03:19]} 46. hxg4 {[%clk 0:03:25]} Kg5
{[%clk 0:03:45]} 47. Kg3 {[%clk 0:03:54]} Kg6 {[%clk 0:04:07]} 48. Kf4
{[%clk 0:04:06]} Kf6 {[%clk 0:04:33]} 49. Kg3 {[%clk 0:04:34]} Kg6
{[%clk 0:05:00]} 50. Kf4 {[%clk 0:04:56]} Kf6 {[%clk 0:05:26]} 51. Kg3
{[%clk 0:05:23]} Kg6 {[%clk 0:05:52]} 52. Kf4 {[%clk 0:05:50]} 1/2-1/2

[Event "2017"]
[Site "Bastia"]
[Date "2017.10.21"]
[Round "7.1"]
[White "Moussard, Jules"]
[Black "Tregubov, Pavel V."]
[Result "1/2-1/2"]
[BlackElo "2589"]
[WhiteElo "2567"]
[LiveChessVersion "1.4.6"]

1. g3 {[%clk 1:23:59]} Nf6 {[%clk 1:29:59]} 2. Bg2 {[%clk 1:24:03]} d5
{[%clk 1:30:11]} 3. Nf3 {[%clk 1:23:55]} Bf5 {[%clk 1:30:33]} 4. O-O
{[%clk 1:23:58]} e6 {[%clk 1:30:55]} 5. c4 {[%clk 1:22:52]} c6 {[%clk 1:31:17]}
6. b3 {[%clk 1:22:08]} h6 {[%clk 1:25:20]} 7. Bb2 {[%clk 1:21:56]} Be7
{[%clk 1:25:44]} 8. d3 {[%clk 1:22:08]} O-O {[%clk 1:25:54]} 9. Nbd2
{[%clk 1:22:12]} a5 {[%clk 1:25:30]} 10. a3 {[%clk 1:22:08]} Nbd7
{[%clk 1:25:33]} 11. Ra2 {[%clk 1:20:41]} Bh7 {[%clk 1:23:14]} 12. Qa1
{[%clk 1:14:24]} Re8 {[%clk 1:22:43]} 13. Rb1 {[%clk 1:10:49]} Bd6
{[%clk 1:20:17]} 14. Ne5 {[%clk 1:08:31]} Nxe5 {[%clk 1:19:19]} 15. Bxe5
{[%clk 1:08:54]} Bxe5 {[%clk 1:17:59]} 16. Qxe5 {[%clk 1:09:18]} Ng4
{[%clk 1:05:20]} 17. Qb2 {[%clk 1:01:37]} e5 {[%clk 1:03:44]} 18. h3 Nf6
{[%clk 1:01:31]} 19. cxd5 {[%clk 0:52:23]} cxd5 {[%clk 1:01:30]} 20. Rc1
{[%clk 0:52:27]} Rc8 {[%clk 0:52:09]} 21. Rxc8 {[%clk 0:51:04]} Qxc8
{[%clk 0:52:34]} 22. Ra1 {[%clk 0:51:22]} Bf5 {[%clk 0:42:13]} 23. Rc1
{[%clk 0:49:49]} Qb8 {[%clk 0:42:34]} 24. b4 {[%clk 0:44:44]} axb4
{[%clk 0:36:27]} 25. Qxb4 {[%clk 0:43:23]} Rc8 {[%clk 0:36:50]} 26. Rxc8+
{[%clk 0:38:23]} Qxc8 {[%clk 0:33:15]} 27. a4 {[%clk 0:32:16]} Qc2
{[%clk 0:29:05]} 28. a5 {[%clk 0:28:13]} Qd1+ {[%clk 0:26:22]} 29. Bf1
{[%clk 0:24:30]} Bd7 {[%clk 0:23:13]} 30. g4 {[%clk 0:21:50]} Bc6
{[%clk 0:21:23]} 31. Nf3 {[%clk 0:17:35]} Qa1 32. Qe7 {[%clk 0:18:00]} Nd7
{[%clk 0:20:47]} 33. Qe8+ {[%clk 0:17:04]} Nf8 {[%clk 0:21:26]} 34. Qxe5
{[%clk 0:17:04]} Qxa5 {[%clk 0:16:30]} 35. Nd4 {[%clk 0:14:58]} Qd8 36. e3 Ng6
{[%clk 0:15:52]} 37. Qg3 {[%clk 0:15:23]} Qf6 {[%clk 0:14:11]} 38. Be2
{[%clk 0:13:46]} Qe5 {[%clk 0:13:52]} 39. Qxe5 {[%clk 0:13:52]} Nxe5 40. f4
{[%clk 0:14:19]} Nd7 {[%clk 0:14:17]} 1/2-1/2

[Event "2017"]
[Site "Bastia"]
[Date "2017.10.21"]
[Round "7.2"]
[White "Kamsky, Gata"]
[Black "Dreev, Aleksey"]
[Result "1/2-1/2"]
[BlackElo "2652"]
[WhiteElo "2676"]
[LiveChessVersion "1.4.6"]

1. d4 {[%clk 1:30:38]} d5 {[%clk 1:30:51]} 2. c4 {[%clk 1:30:48]} c6
{[%clk 1:31:09]} 3. Nc3 {[%clk 1:30:59]} Nf6 {[%clk 1:31:18]} 4. cxd5
{[%clk 1:31:03]} cxd5 {[%clk 1:31:40]} 5. Bf4 {[%clk 1:31:27]} Nc6
{[%clk 1:31:07]} 6. e3 {[%clk 1:31:42]} Bg4 {[%clk 1:30:54]} 7. Nf3
{[%clk 1:28:06]} a6 {[%clk 1:27:07]} 8. Be2 {[%clk 1:28:17]} e6 {[%clk 1:26:47]}
9. O-O {[%clk 1:28:38]} Bd6 {[%clk 1:26:52]} 10. Bxd6 {[%clk 1:24:49]} Qxd6
{[%clk 1:27:04]} 11. Ne1 {[%clk 1:23:30]} Bxe2 {[%clk 1:26:20]} 12. Qxe2
{[%clk 1:23:55]} O-O {[%clk 1:26:27]} 13. Nd3 {[%clk 1:24:21]} Nd7
{[%clk 1:22:44]} 14. Rac1 {[%clk 1:20:01]} Rfc8 {[%clk 1:21:42]} 15. Rc2
{[%clk 1:20:23]} Rc7 {[%clk 1:21:17]} 16. Rfc1 {[%clk 1:20:46]} Rac8
{[%clk 1:21:17]} 17. Qd1 {[%clk 1:21:03]} b6 {[%clk 1:18:13]} 18. Ne2
{[%clk 1:21:24]} Na5 {[%clk 1:15:16]} 19. Rxc7 {[%clk 1:21:42]} Rxc7
{[%clk 1:15:39]} 20. b3 {[%clk 1:21:54]} Rc6 {[%clk 1:15:15]} 21. Rxc6
{[%clk 1:20:44]} Qxc6 {[%clk 1:14:20]} 22. Qc1 {[%clk 1:20:56]} Qxc1+
{[%clk 1:13:36]} 23. Nexc1 {[%clk 1:21:13]} Kf8 {[%clk 1:13:12]} 24. Nb4
{[%clk 1:21:28]} Nb8 {[%clk 1:13:35]} 25. Ncd3 {[%clk 1:21:52]} Ke7
{[%clk 1:12:23]} 26. Kf1 {[%clk 1:22:16]} Nac6 {[%clk 1:12:37]} 27. Ke2
{[%clk 1:22:43]} Kd6 {[%clk 1:12:37]} 28. Nxc6 {[%clk 1:23:06]} Nxc6
{[%clk 1:13:02]} 29. Kd2 {[%clk 1:23:32]} f6 {[%clk 1:12:34]} 30. Kc3
{[%clk 1:23:56]} e5 {[%clk 1:12:24]} 31. Nb4 {[%clk 1:24:14]} exd4+
{[%clk 1:11:08]} 32. exd4 {[%clk 1:24:39]} a5 {[%clk 1:09:58]} 33. Nxc6
{[%clk 1:25:02]} Kxc6 {[%clk 1:10:26]} 34. a4 {[%clk 1:25:21]} Kd6
{[%clk 1:10:43]} 35. Kd3 {[%clk 1:25:46]} Ke6 {[%clk 1:11:00]} 36. Ke3
{[%clk 1:26:11]} g5 {[%clk 1:11:09]} 37. g4 {[%clk 1:26:34]} Kd6 {[%clk 1:11:19]}
38. Kd3 {[%clk 1:26:59]} Ke6 {[%clk 1:11:42]} 39. Ke3 {[%clk 1:27:26]} Kd6
{[%clk 1:12:01]} 40. Kd3 {[%clk 1:27:51]} Ke6 {[%clk 1:12:13]} 41. Ke3
{[%clk 1:28:17]} Ke5 {[%clk 1:12:17]} 42. Ke4+ {[%clk 0:30:57]} 1/2-1/2

[Event "2017"]
[Site "Bastia"]
[Date "2017.10.21"]
[Round "7.3"]
[White "Onischuk, Vladimir"]
[Black "Fier, Alexandr"]
[Result "1-0"]
[BlackElo "2573"]
[WhiteElo "2623"]
[LiveChessVersion "1.4.6"]

1. e4 {[%clk 1:30:57]} c5 {[%clk 1:30:55]} 2. Nf3 {[%clk 1:31:14]} d6
{[%clk 1:31:19]} 3. c3 {[%clk 1:30:47]} Nf6 {[%clk 1:31:43]} 4. Be2
{[%clk 1:31:09]} g6 {[%clk 1:31:06]} 5. O-O {[%clk 1:31:01]} Bg7 {[%clk 1:31:32]}
6. Bb5+ {[%clk 1:31:19]} Bd7 {[%clk 1:31:33]} 7. Bxd7+ {[%clk 1:31:25]} Nfxd7
{[%clk 1:25:50]} 8. d4 {[%clk 1:31:06]} O-O {[%clk 1:26:02]} 9. d5
{[%clk 1:28:21]} Na6 {[%clk 1:26:27]} 10. a4 {[%clk 1:27:47]} Nc7
{[%clk 1:26:52]} 11. Na3 {[%clk 1:27:55]} b6 {[%clk 1:27:00]} 12. Re1
{[%clk 1:24:03]} a6 {[%clk 1:25:13]} 13. Nc4 {[%clk 1:24:08]} b5 {[%clk 1:23:11]}
14. Na5 {[%clk 1:20:27]} Nb6 {[%clk 1:23:36]} 15. Nc6 {[%clk 1:16:01]} Qd7
{[%clk 1:24:01]} 16. a5 {[%clk 1:09:24]} Nc8 {[%clk 1:23:33]} 17. Bg5
{[%clk 1:05:42]} e5 {[%clk 1:23:14]} 18. c4 {[%clk 0:58:27]} h6 {[%clk 1:21:32]}
19. Be3 {[%clk 0:55:50]} b4 {[%clk 1:21:29]} 20. Nfxe5 {[%clk 0:53:10]} Bxe5
{[%clk 1:21:01]} 21. Nxe5 {[%clk 0:53:29]} dxe5 {[%clk 1:21:28]} 22. Bxc5
{[%clk 0:53:04]} Nd6 {[%clk 1:21:54]} 23. b3 {[%clk 0:52:12]} f5 24. exf5
{[%clk 0:49:30]} Rxf5 {[%clk 1:18:07]} 25. Qg4 {[%clk 0:47:57]} Kh7
{[%clk 1:00:16]} 26. Rxe5 {[%clk 0:46:18]} Raf8 {[%clk 1:00:43]} 27. Rae1
{[%clk 0:43:39]} R8f7 {[%clk 1:01:09]} 28. h3 {[%clk 0:39:36]} h5
{[%clk 1:00:26]} 29. Qg3 {[%clk 0:37:35]} R5f6 {[%clk 0:52:58]} 30. Bxb4
{[%clk 0:35:20]} Nf5 {[%clk 0:53:22]} 31. Qg5 {[%clk 0:34:36]} Qc8
{[%clk 0:52:08]} 32. Bc3 {[%clk 0:22:34]} Nb5 {[%clk 0:50:19]} 33. Re6
{[%clk 0:21:48]} Rxe6 {[%clk 0:48:05]} 34. Rxe6 {[%clk 0:22:01]} Nh4
{[%clk 0:48:32]} 35. Be5 {[%clk 0:21:07]} 1-0

[Event "2017"]
[Site "Bastia"]
[Date "2017.10.21"]
[Round "7.4"]
[White "Jumabayev, Rinat"]
[Black "Zubov, Alexander"]
[Result "1/2-1/2"]
[BlackElo "2623"]
[WhiteElo "2603"]
[LiveChessVersion "1.4.6"]

1. e4 {[%clk 1:30:54]} e5 {[%clk 1:28:30]} 2. Nf3 {[%clk 1:31:19]} Nc6
{[%clk 1:28:57]} 3. Bc4 {[%clk 1:31:44]} Bc5 {[%clk 1:29:22]} 4. O-O
{[%clk 1:32:06]} Nf6 {[%clk 1:29:46]} 5. d3 a6 6. c3 {[%clk 1:32:20]} Ba7
{[%clk 1:29:23]} 7. a4 {[%clk 1:32:25]} h6 {[%clk 1:28:49]} 8. Re1
{[%clk 1:32:13]} O-O 9. h3 {[%clk 1:26:57]} d6 {[%clk 1:28:34]} 10. Nbd2
{[%clk 1:27:22]} Ne7 {[%clk 1:25:10]} 11. d4 {[%clk 1:27:22]} Ng6
{[%clk 1:18:55]} 12. Bf1 {[%clk 1:19:28]} Re8 {[%clk 1:17:06]} 13. Qc2
{[%clk 1:13:38]} Be6 {[%clk 0:59:06]} 14. b4 {[%clk 1:08:29]} Nh7
{[%clk 0:56:30]} 15. dxe5 {[%clk 1:03:42]} dxe5 {[%clk 0:54:27]} 16. Nc4
{[%clk 1:02:53]} Qf6 {[%clk 0:51:27]} 17. Nh2 {[%clk 1:00:12]} h5
{[%clk 0:43:03]} 18. Be3 {[%clk 0:58:30]} Nf4 {[%clk 0:38:21]} 19. Na5
{[%clk 0:52:43]} Bc8 {[%clk 0:37:50]} 20. Nb3 {[%clk 0:43:22]} h4
{[%clk 0:34:23]} 21. Bxa7 {[%clk 0:33:57]} Rxa7 {[%clk 0:34:50]} 22. Kh1
{[%clk 0:32:56]} Ng5 {[%clk 0:34:29]} 23. Rad1 {[%clk 0:32:42]} Qg6
{[%clk 0:33:51]} 24. Re3 {[%clk 0:32:28]} Ra8 {[%clk 0:27:20]} 25. a5
{[%clk 0:26:31]} b6 {[%clk 0:24:42]} 26. Nd2 {[%clk 0:25:44]} bxa5
{[%clk 0:22:29]} 27. bxa5 {[%clk 0:26:07]} Qc6 {[%clk 0:17:12]} 28. Ndf3
{[%clk 0:25:19]} Nxf3 {[%clk 0:17:33]} 29. Nxf3 {[%clk 0:25:46]} Ng6
{[%clk 0:17:58]} 30. Rb1 {[%clk 0:23:47]} f6 {[%clk 0:17:10]} 31. Qb3+
{[%clk 0:20:50]} Be6 {[%clk 0:17:26]} 32. Qb7 {[%clk 0:21:09]} Qc5
{[%clk 0:17:40]} 33. Qb4 {[%clk 0:21:35]} Qc6 {[%clk 0:18:01]} 34. Qb7
{[%clk 0:17:31]} Qc5 {[%clk 0:18:15]} 35. Qb4 {[%clk 0:17:57]} Qc6
{[%clk 0:18:41]} 36. Qb7 {[%clk 0:18:23]} 1/2-1/2

[Event "2017"]
[Site "Bastia"]
[Date "2017.10.21"]
[Round "7.5"]
[White "Xu, Yi"]
[Black "Huschenbeth, Niclas"]
[Result "1/2-1/2"]
[BlackElo "2596"]
[WhiteElo "2439"]
[LiveChessVersion "1.4.6"]

1. e4 {[%clk 1:30:58]} c5 {[%clk 1:30:56]} 2. Nf3 {[%clk 1:31:22]} d6
{[%clk 1:31:23]} 3. d4 {[%clk 1:31:40]} cxd4 {[%clk 1:31:48]} 4. Nxd4
{[%clk 1:32:07]} Nf6 {[%clk 1:32:13]} 5. Nc3 {[%clk 1:32:34]} a6 {[%clk 1:32:38]}
6. Bg5 {[%clk 1:32:58]} Nbd7 {[%clk 1:33:02]} 7. Bc4 {[%clk 1:33:19]} Qb6
{[%clk 1:33:12]} 8. O-O {[%clk 1:33:02]} Qc5 {[%clk 1:33:32]} 9. Bd5
{[%clk 1:32:43]} e6 {[%clk 1:33:56]} 10. Re1 {[%clk 1:30:35]} Ne5
{[%clk 1:34:19]} 11. Bxf6 {[%clk 1:29:37]} gxf6 {[%clk 1:34:45]} 12. Re3
{[%clk 1:29:36]} h5 {[%clk 1:29:22]} 13. b4 {[%clk 1:29:51]} Qc7 {[%clk 1:13:54]}
14. Bb3 {[%clk 1:29:38]} Bd7 {[%clk 1:10:19]} 15. a4 {[%clk 1:22:56]} Nc6
{[%clk 0:58:10]} 16. Nxc6 {[%clk 1:18:05]} bxc6 {[%clk 0:58:11]} 17. b5
{[%clk 1:14:47]} Be7 {[%clk 0:52:46]} 18. bxc6 {[%clk 1:12:20]} Bxc6
{[%clk 0:51:47]} 19. Qd3 {[%clk 1:10:19]} Qa5 {[%clk 0:35:04]} 20. Nd5
{[%clk 1:03:51]} Bd8 {[%clk 0:35:17]} 21. Qd4 {[%clk 1:01:24]} Kf8
{[%clk 0:29:40]} 22. Nb4 {[%clk 0:55:49]} Be8 {[%clk 0:27:07]} 23. Nc6
{[%clk 0:46:55]} Qc5 {[%clk 0:25:49]} 24. Qxc5 {[%clk 0:47:13]} dxc5
{[%clk 0:26:15]} 25. Nxd8 {[%clk 0:47:35]} Rxd8 {[%clk 0:26:43]} 26. Rc3
{[%clk 0:46:45]} Rc8 {[%clk 0:25:35]} 27. Bc4 {[%clk 0:46:28]} a5
{[%clk 0:17:09]} 28. Bb5 {[%clk 0:46:03]} h4 {[%clk 0:16:58]} 29. Rb1
{[%clk 0:43:01]} Rh5 {[%clk 0:17:09]} 30. f4 {[%clk 0:34:49]} c4 {[%clk 0:15:37]}
31. Bxe8 {[%clk 0:34:53]} Kxe8 {[%clk 0:16:02]} 32. Kf2 {[%clk 0:34:48]} Rhc5
{[%clk 0:13:54]} 33. Ke3 {[%clk 0:33:06]} e5 {[%clk 0:13:05]} 34. f5
{[%clk 0:29:28]} Rd8 {[%clk 0:09:46]} 35. Rb5 {[%clk 0:28:53]} Rxb5
{[%clk 0:06:52]} 36. axb5 {[%clk 0:29:16]} Rb8 {[%clk 0:06:54]} 37. Rxc4
{[%clk 0:29:20]} Rxb5 {[%clk 0:07:23]} 38. Rc7 {[%clk 0:27:02]} Rb1
{[%clk 0:06:47]} 39. Ra7 {[%clk 0:26:54]} Rg1 {[%clk 0:03:51]} 40. Kf3
{[%clk 0:23:10]} Rf1+ {[%clk 0:04:17]} 41. Ke3 {[%clk 0:23:07]} Rg1
{[%clk 0:04:44]} 42. Kf3 {[%clk 0:21:28]} Rf1+ {[%clk 0:05:10]} 43. Ke3
{[%clk 0:21:54]} 1/2-1/2

[Event "2017"]
[Site "Bastia"]
[Date "2017.10.21"]
[Round "7.6"]
[White "Flom, Gabriel"]
[Black "Antipov, Mikhail Al."]
[Result "0-1"]
[BlackElo "2582"]
[WhiteElo "2448"]
[LiveChessVersion "1.4.6"]

1. d4 {[%clk 1:30:25]} e6 {[%clk 1:30:52]} 2. e4 {[%clk 1:30:51]} d5
{[%clk 1:31:17]} 3. Nc3 {[%clk 1:31:17]} Nf6 {[%clk 1:30:36]} 4. Bg5
{[%clk 1:31:38]} dxe4 {[%clk 1:28:30]} 5. Nxe4 {[%clk 1:32:03]} Be7
{[%clk 1:26:45]} 6. Bxf6 {[%clk 1:31:32]} gxf6 {[%clk 1:27:14]} 7. Nf3
{[%clk 1:30:16]} b6 {[%clk 1:27:39]} 8. Bb5+ {[%clk 1:29:20]} c6 {[%clk 1:28:03]}
9. Bd3 {[%clk 1:29:11]} Qc7 {[%clk 1:13:34]} 10. Qe2 {[%clk 1:27:51]} Nd7
{[%clk 1:12:38]} 11. O-O-O {[%clk 1:27:41]} Bb7 {[%clk 1:06:00]} 12. Kb1
{[%clk 1:28:04]} O-O-O {[%clk 1:05:51]} 13. Rhe1 {[%clk 1:25:24]} Kb8
{[%clk 1:05:57]} 14. g3 {[%clk 1:16:27]} h6 {[%clk 0:49:15]} 15. Ned2
{[%clk 1:01:21]} Rhe8 {[%clk 0:47:09]} 16. Qe3 {[%clk 0:59:12]} Bf8
{[%clk 0:47:34]} 17. Bf1 {[%clk 0:57:26]} f5 {[%clk 0:40:32]} 18. Ne5
{[%clk 0:53:01]} Nxe5 {[%clk 0:37:08]} 19. dxe5 {[%clk 0:52:50]} Rd7
{[%clk 0:36:12]} 20. Nc4 {[%clk 0:37:52]} Red8 {[%clk 0:36:30]} 21. Rxd7
{[%clk 0:29:45]} Qxd7 {[%clk 0:36:57]} 22. Nd6 {[%clk 0:23:48]} Ba8
{[%clk 0:31:30]} 23. Rd1 {[%clk 0:17:13]} Qc7 {[%clk 0:28:15]} 24. Rd3
{[%clk 0:08:06]} f6 {[%clk 0:24:13]} 25. Nc4 {[%clk 0:03:14]} Rxd3
{[%clk 0:23:13]} 26. Bxd3 {[%clk 0:02:34]} b5 {[%clk 0:23:40]} 27. Nd6
{[%clk 0:01:46]} fxe5 {[%clk 0:17:32]} 28. Ne8 {[%clk 0:02:14]} Qe7
{[%clk 0:17:56]} 29. Qxe5+ {[%clk 0:02:38]} Kc8 {[%clk 0:18:23]} 30. Nf6
{[%clk 0:00:49]} Bg7 {[%clk 0:18:52]} 31. Ng8 {[%clk 0:00:52]} Qf7
{[%clk 0:19:05]} 32. Qe3 {[%clk 0:00:56]} Qxg8 {[%clk 0:19:19]} 33. Qxa7
{[%clk 0:01:25]} Bb7 {[%clk 0:19:41]} 34. a4 {[%clk 0:01:51]} Qd8
{[%clk 0:19:09]} 35. axb5 {[%clk 0:02:18]} Qd4 {[%clk 0:17:50]} 36. Qa2
{[%clk 0:02:30]} Qe5 {[%clk 0:18:02]} 37. Qb3 {[%clk 0:02:24]} c5
{[%clk 0:14:54]} 38. f4 {[%clk 0:02:11]} Qe1+ {[%clk 0:13:54]} 39. Ka2
{[%clk 0:02:37]} Bd5 {[%clk 0:14:00]} 40. c4 {[%clk 0:02:33]} Bb7
{[%clk 0:13:41]} 41. g4 {[%clk 0:02:05]} fxg4 {[%clk 0:13:08]} 42. f5
{[%clk 0:02:34]} e5 {[%clk 0:10:37]} 43. Qa3 {[%clk 0:01:30]} Qb4
{[%clk 0:10:00]} 44. Qxb4 {[%clk 0:01:58]} cxb4 {[%clk 0:10:28]} 45. f6
{[%clk 0:02:23]} Bxf6 {[%clk 0:10:50]} 46. Bf5+ {[%clk 0:02:49]} Kc7
{[%clk 0:11:15]} 47. Bxg4 {[%clk 0:03:11]} Kb6 {[%clk 0:11:40]} 48. Kb3
{[%clk 0:03:33]} Kc5 {[%clk 0:12:06]} 49. Ka4 {[%clk 0:03:16]} Kxc4
{[%clk 0:12:14]} 50. b3+ {[%clk 0:03:28]} Kc5 {[%clk 0:12:41]} 51. Bh3
{[%clk 0:03:24]} Bd8 {[%clk 0:12:52]} 0-1